[Event "DJK Wacker Bergeborbeck 1 - Sport Union"]
[Site "Verbandsklasse - Gruppe 1 201"]
[Date "2019.03.10"]
[Round "7.8"]
[White "Keuter, Frank"]
[Black "Jeschke, Holger"]
[Result "0-1"]
[WhiteElo "1374"]
[BlackElo "1892"]
[PlyCount "70"]
[EventDate "2019.??.??"]

1. Nf3 c6 2. g3 d5 3. d3 g6 4. Bg2 Bg7 5. Nbd2 Nf6 6. O-O O-O 7. Re1 Nbd7 8. e4
dxe4 9. dxe4 Qb6 10. c3 Ng4 11. Qe2 Nge5 12. Rb1 Rd8 13. Nf1 Nxf3+ 14. Bxf3 Ne5
15. Be3 Qa6 16. Bg2 Qxa2 17. Ra1 Qb3 18. Rxa7 Rxa7 19. Bxa7 Nc4 20. Rb1 Be6 21.
Bc5 Kf8 22. Be3 Bxc3 23. Bc1 Ba5 24. e5 Bb6 25. Be4 Bd5 26. Bc2 Qf3 27. Qxf3
Bxf3 28. Bf4 Bd4 29. Re1 Bxb2 30. Rb1 b5 31. Bb3 Bd4 32. Bxc4 bxc4 33. Nd2 Bd5
34. Rc1 Bb2 35. Rc2 c3 0-1

[Event "Königsspringer Haltern 1-SV Günnigfeld1"]
[Site "Verbandsklasse - Gruppe 1 201"]
[Date "2019.03.10"]
[Round "7.1"]
[White "Freisen, Thomas"]
[Black "Czarnik, Jozef"]
[Result "1/2-1/2"]
[WhiteElo "1973"]
[BlackElo "1887"]
[PlyCount "28"]
[EventDate "2019.??.??"]

1. e4 c5 2. Nf3 e6 3. c4 Nc6 4. Nc3 a6 5. d4 cxd4 6. Nxd4 Qc7 7. Be3 Nf6 8. Be2
Bd6 9. Qd2 Nxd4 10. Bxd4 Bf4 11. Qd3 O-O 12. g3 e5 13. Be3 Bxe3 14. Qxe3 d6
1/2-1/2

[Event "Königsspringer Haltern 1-SV Günnigfeld1"]
[Site "Verbandsklasse - Gruppe 1 201"]
[Date "2019.03.10"]
[Round "7.2"]
[White "Lombardi, Marco"]
[Black "Kuekenbrink, Christopher"]
[Result "0-1"]
[WhiteElo "1833"]
[BlackElo "1857"]
[PlyCount "88"]
[EventDate "2019.??.??"]

1. e4 c5 2. Nc3 Nc6 3. f4 g6 4. Nf3 Bg7 5. Bb5 Nd4 6. O-O a6 7. Bd3 e6 8. Nxd4
cxd4 9. Ne2 d5 10. e5 Qb6 11. b3 Ne7 12. Kh1 O-O 13. a4 Nc6 14. Bb2 f6 15. exf6
Bxf6 16. Ng1 Bg7 17. Ba3 Rf7 18. Qe2 Qc7 19. g3 Bd7 20. Nf3 Re8 21. Rae1 e5 22.
fxe5 Bg4 23. Bd6 Qd7 24. Qd1 Nxe5 25. Bxe5 Bxe5 26. Be2 Bf5 27. d3 Bg7 28. Nh4
Bh3 29. Ng2 Bh6 30. Rxf7 Qxf7 31. Rf1 Qe6 32. Bf3 b6 33. b4 Be3 34. Nxe3 dxe3
35. Re1 d4 36. Qe2 Qd6 37. b5 axb5 38. axb5 Bd7 39. Rb1 Qc5 40. h4 Rc8 41. Bg4
Bxg4 42. Qxg4 Qd5+ 43. Qe4 Qxe4+ 44. dxe4 Rxc2 0-1

[Event "Königsspringer Haltern 1-SV Günnigfeld1"]
[Site "Verbandsklasse - Gruppe 1 201"]
[Date "2019.03.10"]
[Round "7.3"]
[White "Markus, Peter"]
[Black "Schulz, Alfons"]
[Result "1-0"]
[WhiteElo "1950"]
[BlackElo "1808"]
[PlyCount "71"]
[EventDate "2019.??.??"]

1. e4 c5 2. Nf3 d6 3. d4 cxd4 4. Nxd4 Nf6 5. Nc3 a6 6. Be2 e5 7. Nf3 h6 8. O-O
Be6 9. a4 Be7 10. Re1 Nbd7 11. Bf1 O-O 12. a5 Qc7 13. h3 Rac8 14. g4 Qc6 15.
Bg2 Bc4 16. Nh4 Rfe8 17. Nf5 Bf8 18. Qf3 Be6 19. h4 Bxf5 20. Qxf5 g6 21. Qf3
Bg7 22. Be3 b5 23. axb6 Nxb6 24. Rxa6 Nfd7 25. Nd5 Rb8 26. Bxb6 Rxb6 27. Nxb6
Nxb6 28. Qb3 Rb8 29. Rea1 Qc7 30. Ra7 Rb7 31. Rxb7 Qxb7 32. Qb5 Qc7 33. Ra6 Nd7
34. Qc6 Qxc6 35. Rxc6 Bf8 36. b4 1-0

[Event "Königsspringer Haltern 1-SV Günnigfeld1"]
[Site "Verbandsklasse - Gruppe 1 201"]
[Date "2019.03.10"]
[Round "7.4"]
[White "Michalicek, Roland"]
[Black "Radi, Guenter"]
[Result "1-0"]
[WhiteElo "1834"]
[BlackElo "1898"]
[PlyCount "51"]
[EventDate "2019.??.??"]

1. e4 e6 2. d4 d5 3. exd5 exd5 4. Nf3 Bd6 5. Bd3 Bg4 6. O-O c6 7. c3 f6 8. b4
Qc7 9. h3 Bh5 10. Nbd2 Nd7 11. Qb3 Bg6 12. c4 Bxd3 13. Qxd3 dxc4 14. Qxc4 Nb6
15. Qb3 Nd5 16. b5 Nge7 17. Ne4 O-O-O 18. bxc6 b6 19. a4 a5 20. Bd2 Bb4 21.
Rfc1 g6 22. Rab1 Rhf8 23. Qc4 Qa7 24. Bxb4 Nxb4 25. Qe6+ Kc7 26. Qxe7+ 1-0

[Event "Königsspringer Haltern 1-SV Günnigfeld1"]
[Site "Verbandsklasse - Gruppe 1 201"]
[Date "2019.03.10"]
[Round "7.5"]
[White "Funke, Eckhard"]
[Black "Eusgeld, Michael"]
[Result "1/2-1/2"]
[WhiteElo "1809"]
[BlackElo "1821"]
[PlyCount "81"]
[EventDate "2019.??.??"]

1. d4 d5 2. c4 c6 3. Nf3 Nf6 4. e3 Bg4 5. Bd3 e6 6. O-O Bd6 7. Nbd2 O-O 8. Qc2
Nbd7 9. b3 e5 10. dxe5 Nxe5 11. Nxe5 Bxe5 12. Bb2 Bxb2 13. Qxb2 Re8 14. Rfe1
dxc4 15. Bxc4 Qa5 16. h3 Bf5 17. Be2 Rad8 18. Nc4 Qc7 19. Rad1 Ne4 20. Nd2 Nxd2
21. Rxd2 Rxd2 22. Qxd2 Rd8 23. Qc1 Qa5 24. Rd1 h6 25. Rxd8+ Qxd8 26. Qc5 Bb1
27. Qxa7 Qd2 28. Bf3 Qe1+ 29. Kh2 Qxf2 30. Qb8+ Kh7 31. Qf4 Bg6 32. a4 Qd2 33.
b4 Qd7 34. a5 Qf5 35. a6 Qxf4+ 36. exf4 bxa6 37. Bxc6 Bd3 38. g4 Kg6 39. Kg3
Kf6 40. Bd5 Ke7 41. Kf3 1/2-1/2

[Event "Königsspringer Haltern 1-SV Günnigfeld1"]
[Site "Verbandsklasse - Gruppe 1 201"]
[Date "2019.03.10"]
[Round "7.6"]
[White "Backmann, Hans"]
[Black "Jaennekes, Oliver"]
[Result "0-1"]
[WhiteElo "1752"]
[BlackElo "1791"]
[PlyCount "70"]
[EventDate "2019.??.??"]

1. c4 Nf6 2. g3 c5 3. Bg2 Nc6 4. Nc3 g6 5. e3 Bg7 6. Nge2 O-O 7. O-O e6 8. d4
cxd4 9. exd4 d5 10. cxd5 Nxd5 11. Nxd5 exd5 12. Be3 Bg4 13. f3 Bf5 14. Qd2 Re8
15. Rfe1 Nb4 16. Qxb4 Rxe3 17. Nc3 a5 18. Qb5 Bxd4 19. Rxe3 Bxe3+ 20. Kf1 d4
21. Nd5 Rc8 22. Rd1 Bh6 23. f4 Bg4 24. Re1 Bf8 25. Re8 Bd7 26. Nf6+ Kg7 27.
Qxd7 Qxd7 28. Nxd7 Rxe8 29. Ne5 f6 30. Nc4 Rc8 31. b3 b5 32. Nxa5 Rc1+ 33. Ke2
Rc2+ 34. Kf1 d3 35. Bf3 Bc5 0-1

[Event "Königsspringer Haltern 1-SV Günnigfeld1"]
[Site "Verbandsklasse - Gruppe 1 201"]
[Date "2019.03.10"]
[Round "7.7"]
[White "Brinkmann, Uwe"]
[Black "Dreckmann, Guenter"]
[Result "1/2-1/2"]
[WhiteElo "1931"]
[BlackElo "1605"]
[PlyCount "116"]
[EventDate "2019.??.??"]

1. d4 Nf6 2. Nf3 e6 3. c4 c5 4. Nc3 g6 5. Bf4 Bg7 6. dxc5 Qa5 7. Qd2 Qxc5 8. e4
d5 9. cxd5 exd5 10. exd5 O-O 11. Be2 Rd8 12. Rd1 Na6 13. O-O Nb4 14. Be3 Qa5
15. Bc4 Be6 16. dxe6 Rxd2 17. exf7+ Kh8 18. Rxd2 Nc6 19. Rfd1 Ng4 20. Bf4 Nf6
21. Bb3 h6 22. Re2 Rd8 23. Rde1 Bf8 24. Re6 Qf5 25. Nh4 Qg4 26. Bg3 Kg7 27. h3
Qg5 28. Nf3 Qf5 29. a3 Nh5 30. Nh4 Qxf7 31. Rxg6+ Qxg6 32. Nxg6 Kxg6 33. Rd1
Rxd1+ 34. Bxd1 Nxg3 35. fxg3 Na5 36. Be2 Kf5 37. Kf2 Bc5+ 38. Kf3 Nc6 39. Bd3+
Ke5 40. Ne2 Nd4+ 41. Nxd4 Bxd4 42. b3 Bb2 43. a4 Bd4 44. Kg4 Kf6 45. Kf4 Bb2
46. Ke4 Be5 47. g4 Bh2 48. Kd5 Kg5 49. a5 Kf6 50. Be4 Bf4 51. Kc5 Be3+ 52. Kb5
b6 53. a6 Ke5 54. Bf3 Kd6 55. Kc4 Ke5 56. b4 Bf2 57. b5 Bg3 58. Bb7 Bf2 1/2-1/2

[Event "Königsspringer Haltern 1-SV Günnigfeld1"]
[Site "Verbandsklasse - Gruppe 1 201"]
[Date "2019.03.10"]
[Round "7.8"]
[White "Buthmann, Ralf"]
[Black "Brandhoff, Gerd"]
[Result "1-0"]
[WhiteElo "1757"]
[BlackElo "1779"]
[PlyCount "109"]
[EventDate "2019.??.??"]

1. c4 e6 2. g3 d5 3. d4 c6 4. Bg2 Nf6 5. Nf3 Nbd7 6. O-O Be7 7. Nbd2 O-O 8. Qc2
h6 9. e4 dxe4 10. Nxe4 Nxe4 11. Qxe4 Nb6 12. b3 Bf6 13. Be3 Re8 14. Rad1 Qe7
15. Ne5 Bd7 16. f4 Rad8 17. Rfe1 Bc8 18. Bf2 Qa3 19. Qc2 Qf8 20. Qe4 Qa3 21.
Rd2 Qb4 22. Red1 Qe7 23. Ng4 Nd7 24. c5 Qf8 25. h4 Be7 26. h5 Nb8 27. Ne5 Bf6
28. g4 Na6 29. Bf1 Bxe5 30. fxe5 f5 31. exf6 gxf6 32. Bh4 Qg7 33. Rg2 Nc7 34.
Bd3 Nd5 35. Rf1 Re7 36. Rf3 Rf8 37. Rfg3 Kh8 38. Rf3 Ref7 39. Qg6 Qxg6 40. Bxg6
Rd7 41. Rgf2 Kg7 42. g5 f5 43. gxh6+ Kxh6 44. Rg2 a6 45. Bg5+ Kg7 46. h6+ Kh8
47. Bh4 Rg8 48. Bg3 f4 49. Bxf4 Nxf4 50. Rxf4 Re7 51. h7 Rxg6 52. Rxg6 Kxh7 53.
Rg2 Rg7 54. Rf8 Rc7 55. Re8 1-0

[Event "SG Mengede 1 - SV Horst-Emscher 2"]
[Site "Verbandsklasse - Gruppe 1 201"]
[Date "2019.03.10"]
[Round "7.1"]
[White "Patzer, Joerg"]
[Black "Borgschulze, Maik"]
[Result "1/2-1/2"]
[WhiteElo "1857"]
[BlackElo "2134"]
[PlyCount "35"]
[EventDate "2019.??.??"]

1. f4 Nf6 2. Nf3 g6 3. b3 Bg7 4. Bb2 O-O 5. e3 d6 6. d4 Nbd7 7. Be2 e5 8. O-O
Ng4 9. Qd2 exf4 10. exf4 Re8 11. Nc3 Ndf6 12. Bd3 Nh5 13. Rae1 Rxe1 14. Rxe1 c6
15. Nd1 Bh6 16. g3 Ngf6 17. Nf2 Ng4 18. c4 1/2-1/2

[Event "SG Mengede 1 - SV Horst-Emscher 2"]
[Site "Verbandsklasse - Gruppe 1 201"]
[Date "2019.03.10"]
[Round "7.2"]
[White "Bork, Sophie"]
[Black "Laake, Reinhard"]
[Result "1/2-1/2"]
[WhiteElo "1895"]
[BlackElo "1844"]
[Annotator "Daniel"]
[PlyCount "79"]
[EventDate "2019.??.??"]

1. e4 e5 2. Nf3 Nc6 3. Bc4 Bc5 4. O-O Nf6 5. d3 d6 6. a4 Bg4 7. h3 Be6 8. Nbd2
a6 9. c3 Qd7 10. Bxe6 Qxe6 11. Re1 O-O 12. Nf1 d5 13. Qe2 dxe4 14. dxe4 Rfd8
15. Ng3 Rd7 16. Nf5 Rad8 $11 17. Bg5 Ne7 18. b4 Ba7 19. Nxe7+ Qxe7 20. Rad1
Rxd1 21. Rxd1 Rxd1+ 22. Qxd1 Qd7 23. Qxd7 Nxd7 24. Bd8 c6 25. Nd2 Bb6 26. Bh4
f6 27. Nc4 Bc7 28. f3 Nb6 29. Nxb6 Bxb6+ 30. Bf2 Bxf2+ 31. Kxf2 b5 32. axb5
axb5 33. Ke3 Kf7 34. Kf2 Ke6 35. g3 g6 36. Ke3 Kd6 37. Kd3 Ke6 38. Ke3 Kd6 39.
Kd3 Ke6 40. Ke3 1/2-1/2

[Event "SG Mengede 1 - SV Horst-Emscher 2"]
[Site "Verbandsklasse - Gruppe 1 201"]
[Date "2019.03.10"]
[Round "7.3"]
[White "Hiebsch, Catalina"]
[Black "Weinert, Christian"]
[Result "1-0"]
[WhiteElo "1720"]
[BlackElo "1979"]
[PlyCount "53"]
[EventDate "2019.??.??"]

1. e4 c5 2. Nc3 Nc6 3. Bb5 Nd4 4. Bc4 e6 5. d3 Ne7 6. a3 a6 7. Nf3 b5 8. Ba2
Bb7 9. Nxd4 cxd4 10. Ne2 Nc6 11. O-O g6 12. f4 Bg7 13. f5 gxf5 14. exf5 Be5 15.
Qe1 Rg8 16. fxe6 dxe6 17. Qf2 Qe7 18. Bf4 O-O-O 19. Bg3 Rdf8 20. Nf4 Qd7 21.
Rae1 Rg5 22. Nxe6 Bxg3 23. hxg3 Rfg8 24. Nxg5 Rxg5 25. Qxf7 Nd8 26. Qxd7+ Kxd7
27. Rf4 1-0

[Event "SG Mengede 1 - SV Horst-Emscher 2"]
[Site "Verbandsklasse - Gruppe 1 201"]
[Date "2019.03.10"]
[Round "7.4"]
[White "Delvos, Thorsten"]
[Black "Verfuerth, Christian"]
[Result "1/2-1/2"]
[WhiteElo "1966"]
[BlackElo "1836"]
[PlyCount "41"]
[EventDate "2019.??.??"]

1. c4 f5 2. g3 Nf6 3. Bg2 e6 4. Nf3 d5 5. O-O Bd6 6. Nc3 O-O 7. d3 dxc4 8. dxc4
Nc6 9. a3 e5 10. b4 e4 11. Nd2 a6 12. Bb2 Qe8 13. c5 Be7 14. Nb3 Be6 15. Nd4
Rd8 16. Nxe6 Rxd1 17. Raxd1 Rf7 18. Ng5 Rf8 19. Ne6 Rf7 20. Ng5 Rf8 21. Ne6
1/2-1/2

[Event "SG Mengede 1 - SV Horst-Emscher 2"]
[Site "Verbandsklasse - Gruppe 1 201"]
[Date "2019.03.10"]
[Round "7.5"]
[White "Rebentisch, Sebastian"]
[Black "Kraus, Reinhard"]
[Result "1/2-1/2"]
[WhiteElo "1811"]
[BlackElo "1798"]
[Annotator "Daniel"]
[PlyCount "160"]
[EventDate "2019.??.??"]

1. e4 c5 2. Nf3 e6 3. d4 cxd4 4. Nxd4 Nf6 5. Nc3 Bb4 6. f3 e5 7. Nf5 O-O 8. Ne3
Qa5 9. Bd2 Bxc3 10. Bxc3 Qc5 11. Nd5 Nxd5 12. Qxd5 Qxd5 13. exd5 d6 14. Bb4 Rd8
15. Bd3 b6 16. O-O Ba6 17. c4 Bb7 18. f4 Na6 19. Bc3 f6 20. Bf5 Bc8 21. Bc2 Bg4
22. Rf2 Rac8 23. b3 Nc5 24. Bb4 Re8 25. h3 Bh5 26. Bf5 Rc7 27. Bxc5 bxc5 28.
Be6+ Bf7 29. f5 g5 30. g4 Kg7 31. Rb2 a5 32. Kf2 Rb8 33. Rab1 Be8 34. Ke3 Rcb7
35. Kd3 a4 36. Kc3 a3 37. Rh2 Ba4 38. Re2 $11 h5 39. Rh2 Rh8 40. Rbh1 Ra8 41.
Ra1 Be8 42. Rg1 Kf8 43. h4 Rg7 44. gxh5 gxh4 45. Rxg7 Kxg7 $11 46. h6+ Kxh6 47.
Rxh4+ Kg7 48. Rg4+ Kf8 49. Rg8+ Ke7 50. Rg7+ Kf8 51. Rc7 Ra6 52. Bd7 Bxd7 53.
Rxd7 Ke8 54. Rb7 Kd8 55. Rf7 Ke8 56. Rxf6 Ke7 57. Re6+ Kd7 58. b4 cxb4+ 59.
Kxb4 Ra8 60. f6 Rf8 61. Kxa3 e4 62. Re7+ Kd8 63. Rxe4 Rxf6 64. Kb4 Kc7 65. Kb5
Rf2 66. a4 Rb2+ 67. Ka6 Rb4 68. Ka5 Rb1 69. Re7+ Kd8 70. Re3 Kd7 71. Rc3 Kc7
72. c5 dxc5 73. Rxc5+ Kd6 74. Rb5 Ra1 75. Kb4 Rb1+ 76. Kc3 Rc1+ 77. Kb3 Rb1+
78. Ka2 Rxb5 79. axb5 Kxd5 80. Kb3 Kc5 1/2-1/2

[Event "SG Mengede 1 - SV Horst-Emscher 2"]
[Site "Verbandsklasse - Gruppe 1 201"]
[Date "2019.03.10"]
[Round "7.6"]
[White "Ewers, Christian"]
[Black "Schreiner, Paulo"]
[Result "1/2-1/2"]
[WhiteElo "1732"]
[BlackElo "1651"]
[PlyCount "27"]
[EventDate "2019.??.??"]

1. e4 e6 2. d4 d5 3. Nd2 dxe4 4. Nxe4 Bd7 5. Nf3 Bc6 6. Bd3 Nd7 7. Qe2 Ngf6 8.
Bg5 Be7 9. Bxf6 Nxf6 10. c3 Nxe4 11. Bxe4 Bxe4 12. Qxe4 c6 13. O-O-O Qd5 14.
Qxd5 1/2-1/2

[Event "SG Mengede 1 - SV Horst-Emscher 2"]
[Site "Verbandsklasse - Gruppe 1 201"]
[Date "2019.03.10"]
[Round "7.7"]
[White "Weichert, Eddy"]
[Black "Wiktor, Reinhard"]
[Result "1/2-1/2"]
[WhiteElo "1707"]
[BlackElo "1760"]
[PlyCount "121"]
[EventDate "2019.??.??"]

1. e4 d6 2. d4 g6 3. Nc3 Bg7 4. Be3 Nf6 5. f3 O-O 6. Qd2 Nc6 7. O-O-O e5 8. d5
Nd4 9. Nge2 Nxe2+ 10. Bxe2 a6 11. h4 b5 12. a3 Bd7 13. Bh6 Qb8 14. Bxg7 Kxg7
15. h5 Ng8 16. hxg6 fxg6 17. Na2 a5 18. b3 Qb6 19. Rh4 h6 20. f4 Qf2 21. Rdh1
Rxf4 22. Rxf4 Qxf4 23. Qxf4 exf4 24. Kd2 Rb8 25. Kc3 Nf6 26. Kd4 Re8 27. Bd3 g5
28. Re1 Ng4 29. c4 bxc4 30. Bxc4 Ne5 31. Be2 Re7 32. Nc3 Be8 33. Rc1 h5 34. Nb5
Bxb5 35. Bxb5 Kg6 36. b4 axb4 37. a4 f3 38. gxf3 Nxf3+ 39. Ke3 g4 40. a5 b3 41.
a6 b2 42. Rb1 c6 43. dxc6 d5 44. a7 d4+ 45. Kf2 Rxa7 46. Rxb2 Ne5 47. Rc2 Rc7
48. Rc5 Kf6 49. Kg3 d3 50. Rd5 Ke6 51. Kh4 d2 52. Be2 Rxc6 53. Rxd2 Nf3+ 54.
Bxf3 gxf3 55. Kg3 Rc3 56. Rf2 Re3 57. Kf4 Ra3 58. Rxf3 Rxf3+ 59. Kxf3 Ke5 60.
Kg3 h4+ 61. Kxh4 1/2-1/2

[Event "SG Mengede 1 - SV Horst-Emscher 2"]
[Site "Verbandsklasse - Gruppe 1 201"]
[Date "2019.03.10"]
[Round "7.8"]
[White "Schmidt, Jonas"]
[Black "Kotter, Michael"]
[Result "1/2-1/2"]
[WhiteElo "1675"]
[BlackElo "1857"]
[PlyCount "51"]
[EventDate "2019.??.??"]

1. e4 e5 2. Nf3 Nf6 3. Nc3 Nc6 4. d4 exd4 5. Nxd4 Bb4 6. Nxc6 bxc6 7. Bd2 Qe7
8. Bd3 O-O 9. O-O Re8 10. a3 Ba5 11. e5 Bxc3 12. Bxc3 Nd5 13. Bd2 d6 14. c4 Nb6
15. exd6 cxd6 16. Qh5 g6 17. Qh6 Qf8 18. Qh4 Be6 19. b3 d5 20. cxd5 Nxd5 21.
Bh6 Qe7 22. Qxe7 Nxe7 23. b4 f6 24. Be3 Kf7 25. Rac1 a5 26. Bc5 1/2-1/2

[Event "SG Bochum 4 - SK Germania Kupferdreh 1"]
[Site "Verbandsklasse - Gruppe 2 201"]
[Date "2019.03.10"]
[Round "7.2"]
[White "Prieb, Robert"]
[Black "Krimphoff, Ingo"]
[Result "0-1"]
[WhiteElo "1899"]
[BlackElo "1930"]
[Annotator "Daniel"]
[PlyCount "138"]
[EventDate "2019.??.??"]

1. d4 d5 2. c4 c6 3. Nf3 Nf6 4. Nc3 dxc4 5. a4 Bf5 6. e3 e6 7. Bxc4 Bb4 8. O-O
Nbd7 9. Qe2 Bg6 10. e4 O-O 11. e5 Nd5 12. Nxd5 cxd5 13. Bd3 Bxd3 14. Qxd3 Be7
15. a5 Nb8 16. Bd2 Nc6 17. Qb5 Qd7 18. Qa4 Rfc8 19. b4 a6 20. Rfc1 Rc7 21. Rc2
Nxe5 22. Qxd7 Nxf3+ 23. gxf3 Rxd7 24. Rac1 Bd6 25. b5 axb5 26. Rc8+ Rd8 27.
Rxd8+ Rxd8 28. Rb1 Kf8 29. Rxb5 Rb8 30. Bb4 Bxb4 31. Rxb4 Ra8 32. Rxb7 Rxa5 33.
Rb4 Ra1+ 34. Kg2 Rc1 35. Rb3 Rc4 36. Rd3 Ke7 37. f4 Kf6 38. Kg3 Kf5 39. Kf3 f6
40. h3 $11 g6 41. Ke3 Ra4 42. Kf3 h5 43. Ke3 Ra1 44. Kf3 Re1 45. Kg3 Re4 46. f3
Rxf4 47. h4 g5 48. hxg5 fxg5 49. Rd2 g4 50. fxg4+ hxg4 51. Rd3 Re4 52. Rd1 Re3+
53. Kg2 Ke4 54. Kf2 Kf4 55. Rd2 g3+ 56. Kg2 Rf3 57. Rd1 Rf2+ 58. Kg1 Ke3 59.
Re1+ Kxd4 60. Rxe6 Kd3 61. Rg6 Rf3 62. Kg2 Re3 63. Rd6 d4 64. Ra6 Kc2 65. Rc6+
Rc3 66. Rd6 d3 67. Kf1 Rc5 68. Rd4 d2 69. Ke2 Re5+ 0-1

[Event "SG Bochum 4 - SK Germania Kupferdreh 1"]
[Site "Verbandsklasse - Gruppe 2 201"]
[Date "2019.03.10"]
[Round "7.3"]
[White "PraemaÃŸing, Reiner"]
[Black "Gluma, Christian"]
[Result "0-1"]
[WhiteElo "1834"]
[BlackElo "1836"]
[PlyCount "60"]
[EventDate "2019.??.??"]

1. e4 e6 2. d4 d5 3. Nc3 Bb4 4. e5 c5 5. a3 Bxc3+ 6. bxc3 Ne7 7. Qg4 Ng6 8. h4
h5 9. Qg3 Nc6 10. Bd3 Nce7 11. Nf3 c4 12. Bxg6 Nxg6 13. Ng5 Ne7 14. Qf4 Nf5 15.
O-O Bd7 16. f3 Qe7 17. a4 f6 18. exf6 gxf6 19. Nh3 Rg8 20. Re1 Qg7 21. Re2 Ng3
22. Rf2 e5 23. dxe5 fxe5 24. Qg5 Qh8 25. Qd2 Bxh3 26. Qxd5 Rd8 27. Qb5+ Bd7 28.
Qxb7 e4 29. Bd2 Qf6 30. Be1 Qxh4 0-1

[Event "SG Bochum 4 - SK Germania Kupferdreh 1"]
[Site "Verbandsklasse - Gruppe 2 201"]
[Date "2019.03.10"]
[Round "7.4"]
[White "Walny, Benjamin"]
[Black "Zagrabski, Kevin"]
[Result "1/2-1/2"]
[WhiteElo "1761"]
[BlackElo "1871"]
[PlyCount "72"]
[EventDate "2019.??.??"]

1. e4 g6 2. d4 Bg7 3. Nc3 d6 4. f4 Nd7 5. Nf3 c5 6. Bc4 Nb6 7. Bb5+ Bd7 8. Be3
Bxb5 9. Nxb5 Nc4 10. Qe2 Qa5+ 11. Nc3 Nxe3 12. Qxe3 cxd4 13. Nxd4 Qb4 14. O-O-O
Nf6 15. Nd5 Nxd5 16. exd5 O-O 17. Kb1 Rfe8 18. Qb3 Qc5 19. c3 Rab8 20. Rhe1
Bxd4 21. Rxd4 b5 22. g4 b4 23. Rxb4 Rxb4 24. cxb4 Qf2 25. Qe3 Qxh2 26. f5 Qh4
27. fxg6 hxg6 28. Qe4 e5 29. dxe6 Rxe6 30. Qa8+ Kg7 31. Rxe6 fxe6 32. Qxa7+ Kf6
33. Qd4+ Ke7 34. a4 Qh1+ 35. Ka2 e5 36. Qd3 Qe1 1/2-1/2

[Event "SG Bochum 4 - SK Germania Kupferdreh 1"]
[Site "Verbandsklasse - Gruppe 2 201"]
[Date "2019.03.10"]
[Round "7.5"]
[White "Bauriedel, Friedrich"]
[Black "Jung, Benn"]
[Result "1/2-1/2"]
[WhiteElo "1838"]
[BlackElo "1699"]
[PlyCount "65"]
[EventDate "2019.??.??"]

1. d4 Nf6 2. e3 b6 3. f4 Bb7 4. Nf3 e6 5. Bd3 c5 6. O-O d5 7. c3 c4 8. Bc2 Nbd7
9. Nbd2 Bd6 10. Ne5 Qc7 11. Qe2 b5 12. Nxd7 Nxd7 13. Nf3 f6 14. Bd2 a5 15. g3
O-O-O 16. e4 e5 17. fxe5 fxe5 18. dxe5 Nxe5 19. Nd4 Bc5 20. Be3 Qd7 21. Rad1
dxe4 22. b3 Nd3 23. bxc4 bxc4 24. Qh5 Bd5 25. Rb1 g6 26. Qh6 Bb7 27. Bd1 Rdf8
28. Be2 Ne5 29. h3 Bd6 30. Kg2 Rxf1 31. Kxf1 Qf7+ 32. Kg2 Nf3 33. Rb5 1/2-1/2

[Event "SG Bochum 4 - SK Germania Kupferdreh 1"]
[Site "Verbandsklasse - Gruppe 2 201"]
[Date "2019.03.10"]
[Round "7.6"]
[White "Stachnik, Adam"]
[Black "Degner, Friedhelm"]
[Result "1-0"]
[WhiteElo "1785"]
[BlackElo "1816"]
[PlyCount "103"]
[EventDate "2019.??.??"]

1. e4 d5 2. exd5 Nf6 3. c4 e6 4. dxe6 Bxe6 5. Nf3 Nc6 6. a3 Bc5 7. Be2 Nd4 8.
d3 Qd6 9. Be3 Nxf3+ 10. Bxf3 Bxe3 11. fxe3 O-O-O 12. Be2 Qb6 13. Qc1 Bf5 14. d4
Rhe8 15. Nc3 Qe6 16. O-O Bg6 17. Nd1 h5 18. Bf3 Ng4 19. Bxg4 hxg4 20. Rf4 Bd3
21. d5 Qh6 22. Rxg4 Rh8 23. h3 Bf5 24. Rg3 Qh5 25. Rf3 Be4 26. Rf4 Qh7 27. Nf2
Rde8 28. Qf1 Bf5 29. Re1 g5 30. Rd4 Qg7 31. Ng4 Bd7 32. Qf6 Qh7 33. Rf1 Bxg4
34. Rxg4 Rxe3 35. Qxf7 Qxf7 36. Rxf7 Re2 37. Rf2 Re1+ 38. Kh2 Re5 39. Kg3 Kd7
40. Rf6 Ke7 41. Re6+ Rxe6 42. dxe6 Kf6 43. e7 Re8 44. Re4 Rxe7 45. Rxe7 Kxe7
46. Kg4 Kf6 47. g3 c5 48. h4 gxh4 49. gxh4 Kg6 50. Kf4 Kh5 51. b4 Kxh4 52. bxc5
1-0

[Event "SG Bochum 4 - SK Germania Kupferdreh 1"]
[Site "Verbandsklasse - Gruppe 2 201"]
[Date "2019.03.10"]
[Round "7.7"]
[White "Schaefer, Johannes"]
[Black "Ziemann, David"]
[Result "1/2-1/2"]
[WhiteElo "1667"]
[BlackElo "1625"]
[PlyCount "32"]
[EventDate "2019.??.??"]

1. e4 c5 2. Nf3 g6 3. d4 cxd4 4. Nxd4 Nc6 5. c4 Nf6 6. Nc3 d6 7. Be2 Nxd4 8.
Qxd4 Bg7 9. Be3 O-O 10. Qd2 a5 11. a4 Be6 12. O-O Nd7 13. b3 Nc5 14. Rab1 f5
15. Bd3 Nxd3 16. Qxd3 fxe4 1/2-1/2

[Event "SV Unser Fritz 1 - SV Kamen 2"]
[Site "Verbandsklasse - Gruppe 2 201"]
[Date "2019.03.10"]
[Round "7.1"]
[White "Neumann, Carsten"]
[Black "Rutz, Dirk"]
[Result "1/2-1/2"]
[WhiteElo "2002"]
[BlackElo "1973"]
[Annotator "Daniel"]
[PlyCount "77"]
[EventDate "2019.??.??"]

1. Nf3 d6 2. d4 Nf6 3. Nc3 g6 4. e4 Bg7 5. g3 O-O 6. Bg2 c5 7. O-O cxd4 8. Nxd4
Nc6 9. Nxc6 bxc6 10. Qe2 Qb6 11. Re1 Nd7 12. Nd1 a5 13. Be3 Qc7 14. f4 a4 15.
Rc1 e5 16. f5 gxf5 17. exf5 d5 18. g4 e4 19. Qf2 Be5 20. Qh4 Re8 21. Rf1 f6 22.
c3 c5 23. Nf2 Rb8 24. Rc2 Ba6 25. Rd1 Bc4 26. Rcd2 Nf8 27. a3 Kh8 28. g5 d4 29.
cxd4 cxd4 30. Rxd4 Rb3 31. Rxe4 Rxe3 32. Rxc4 Bxh2+ 33. Kf1 Qg3 34. Qxg3 Bxg3
35. Ne4 Bh4 36. Rc7 fxg5 37. Rc3 R3xe4 38. Bxe4 Rxe4 39. Rc5 {
Rest nicht nachvollziehbar!} 1/2-1/2

[Event "SV Unser Fritz 1 - SV Kamen 2"]
[Site "Verbandsklasse - Gruppe 2 201"]
[Date "2019.03.10"]
[Round "7.2"]
[White "Singbeil, Holger"]
[Black "Koch, Marcel"]
[Result "0-1"]
[WhiteElo "1952"]
[BlackElo "1890"]
[PlyCount "76"]
[EventDate "2019.??.??"]

1. g3 Nf6 2. Bg2 d5 3. c4 c6 4. b3 Bf5 5. Bb2 e6 6. Nf3 Nbd7 7. O-O Be7 8. d3
O-O 9. Nh4 Bg6 10. Nxg6 hxg6 11. Nc3 Qc7 12. e3 Rad8 13. Rc1 dxc4 14. bxc4 Ne5
15. d4 Nxc4 16. Ba1 Nb6 17. Qb3 Rd7 18. Rc2 Rfd8 19. a4 Nbd5 20. Nxd5 Nxd5 21.
e4 Nb4 22. Rc4 a5 23. d5 exd5 24. exd5 Nxd5 25. Bh3 Qb6 26. Qf3 Rc7 27. Rd1 Bf6
28. Bxf6 gxf6 29. Rh4 Kg7 30. Bf5 Rh8 31. Rxh8 Kxh8 32. Be4 Rd7 33. Qg4 Qd8 34.
Rd4 Kg7 35. Bf5 Rd6 36. h4 Ne7 37. Rf4 Nxf5 38. Rxf5 Qd7 0-1

[Event "SV Unser Fritz 1 - SV Kamen 2"]
[Site "Verbandsklasse - Gruppe 2 201"]
[Date "2019.03.10"]
[Round "7.3"]
[White "Traunecker, Thomas"]
[Black "Jungbluth, Michael"]
[Result "1/2-1/2"]
[WhiteElo "1860"]
[BlackElo "1929"]
[PlyCount "39"]
[EventDate "2019.??.??"]

1. d4 Nf6 2. c4 g6 3. Nc3 Bg7 4. Nf3 d6 5. h3 O-O 6. g3 c5 7. d5 Na6 8. Bg2 Nc7
9. O-O Rb8 10. a4 b6 11. Nd2 a6 12. e4 Bd7 13. Kh2 b5 14. f4 e6 15. e5 Nfe8 16.
axb5 axb5 17. Nde4 exd5 18. exd6 dxe4 19. dxc7 Nxc7 20. Nxe4 1/2-1/2

[Event "SV Unser Fritz 1 - SV Kamen 2"]
[Site "Verbandsklasse - Gruppe 2 201"]
[Date "2019.03.10"]
[Round "7.4"]
[White "Distelrath, Oliver"]
[Black "Spaeh, Jan Lukas"]
[Result "1-0"]
[WhiteElo "1855"]
[BlackElo "1781"]
[PlyCount "79"]
[EventDate "2019.??.??"]

1. e4 c5 2. Nc3 Nc6 3. f4 g6 4. Nf3 Bg7 5. Bb5 Nd4 6. O-O a6 7. Be2 e6 8. d3 d5
9. Nxd4 cxd4 10. Nb1 Ne7 11. c3 dxe4 12. dxe4 O-O 13. Bf3 Qb6 14. Kh1 Bd7 15.
e5 dxc3 16. Nxc3 Bc6 17. Qe2 Rfd8 18. Be3 Qc7 19. Rac1 Nf5 20. Bxc6 Qxc6 21.
Bg1 Rac8 22. Qe4 Rd2 23. Qxc6 Rxc6 24. Rf2 Rd7 25. Rff1 Rd2 26. b3 Bf8 27. Ne4
Rxa2 28. Rxc6 bxc6 29. Rd1 Re2 30. Nf6+ Kg7 31. g4 Ne3 32. Ne8+ Kg8 33. Nf6+
Kg7 34. Ne8+ Kg8 35. Rd8 Nd5 36. Bc5 Rc2 37. Bd6 Nxf4 38. Nf6+ Kg7 39. Bxf8+
Kh8 40. Bh6# 1-0